|
|
|
|
| LEADER |
00000nam0a2200000 4500 |
| 001 |
350352 |
| 005 |
20231102010307.0 |
| 035 |
|
|
|a (RuTPU)RU\TPU\retro\4341
|
| 090 |
|
|
|a 350352
|
| 100 |
|
|
|a 20190122d1970 k y0rusy50 ca
|
| 101 |
0 |
|
|a rus
|
| 102 |
|
|
|a RU
|
| 105 |
|
|
|a a z 001zy
|
| 200 |
1 |
|
|a Стероиды и микроорганизмы
|e [монография]
|f А. А. Ахрем, Ю. А. Титов
|g Академия наук СССР (АН СССР), Институт органической химии им. Н. Д. Зелинского (ИОХ)
|
| 210 |
|
|
|a Москва
|c Наука
|d 1970
|
| 215 |
|
|
|a 526 с.
|c ил.
|
| 320 |
|
|
|a Библиогр. в конце гл.
|
| 320 |
|
|
|a Предметный указатель: с. 499-502.
|
| 320 |
|
|
|a Указатель микроорганизмов: с. 503-522.
|
| 606 |
1 |
|
|a Стероиды
|x Биохимия
|2 stltpush
|3 (RuTPU)RU\TPU\subj\78381
|9 87821
|
| 610 |
1 |
|
|a синтез
|
| 610 |
1 |
|
|a характеристики
|
| 610 |
1 |
|
|a биосинтез
|
| 610 |
1 |
|
|a взаимосвязи
|
| 610 |
1 |
|
|a монографии
|
| 675 |
|
|
|a 577.15/.19
|v 4
|
| 700 |
|
1 |
|a Ахрем
|b А. А.
|g Афанасий Андреевич
|
| 701 |
|
1 |
|a Титов
|b Ю. А.
|g Юрий Андреевич
|
| 712 |
0 |
2 |
|a Академия наук СССР (АН СССР)
|b Институт органической химии им. Н. Д. Зелинского (ИОХ)
|c (Москва)
|2 stltpush
|3 (RuTPU)RU\TPU\col\11574
|
| 801 |
|
1 |
|a RU
|b 63413507
|c 20190122
|
| 801 |
|
2 |
|a RU
|b 63413507
|c 20190627
|g RCR
|
| 942 |
|
|
|c BK
|